What's the Question? - Geography - Statistics

General Stats
  • This quiz has been taken 23 times
  • The average score is 26 of 33
Answer Stats
Answer % Correct
Is
100%
Is
100%
Is
100%
Is
100%
What
100%
What
100%
What
100%
The
95%
The
95%
The
95%
The
95%
How
86%
In
86%
Country
82%
Longest
82%
River
82%
America
77%
City
77%
Has
77%
South
77%
Where
77%
Most
73%
Capital
68%
Mahal
68%
Taj
68%
Greece
64%
Of
64%
Of
64%
Tall
59%
Everest
55%
Mount
55%
Portuguese
32%
Speakers
32%
No matching quizzes found
Score Distribution
Percent of People with Each Score
Percentile by Number Answered
Your Score History
You have not taken this quiz